000 00904cam a22002771 4500
001 18193
003 BD-RjUL
005 20211209000241.0
008 140219s1966 enkc b 000 0aeng d
035 _a(BD-RjUL)18251
040 _aDLC
_cDLC
_dDLC
_dBD-RjUL
_beng
041 _aeng
082 0 0 _a828.709
_bKES 1966
100 1 _aKeats, John,
_d1795-1821.
_956012
245 0 0 _aSelected poems and letters of John Keats /
_cedited with an introduction and commentary by Robert Gittings.
260 _aLondon :
_bHeinemann,
_cc1966.
300 _aviii, 199 p.
_bfront. (port.).
_c19 cm.
504 _aBibliography: p. 22.
600 1 0 _aKeats, John,
_d1795-1821
_xCorrespondence.
_956019
650 0 _aPoets, English
_y19th century
_xCorrespondence.
_956014
700 1 _aGittings, Robert,
_eed.
_956015
942 _2ddc
_cBK
999 _c18193
_d18193